Top 10 Most Populous U.S. Cities Starting With Y - Statistics

General Stats
  • This quiz has been taken 29 times
  • The average score is 6 of 10
Answer Stats
State Answer Population % Correct
New York Yonkers 204 k
96%
Arizona Yuma 101 k
89%
Ohio Youngstown 59 k
81%
Washington Yakima 97 k
78%
Pennsylvania York 44 k
67%
California Yuba City 68 k
44%
California Yorba Linda 65 k
37%
Oklahoma Yukon 27 k
33%
Illinois Yorkville 26 k
22%
California Yucaipa 53 k
22%
No matching quizzes found
Score Distribution
Percent of People with Each Score
Percentile by Number Answered
Your Score History
You have not taken this quiz